Introduction to business : (Record no. 455)
[ view plain ]
| 000 -LEADER | |
|---|---|
| fixed length control field | 01013cam a22002652 4500 |
| 001 - CONTROL NUMBER | |
| control field | 0000002804 |
| 005 - DATE AND TIME OF LATEST TRANSACTION | |
| control field | 20151021151059.0 |
| 008 - FIXED-LENGTH DATA ELEMENTS--GENERAL INFORMATION | |
| fixed length control field | 070419s xx 000 0 eng d |
| 040 ## - CATALOGING SOURCE | |
| Original cataloging agency | KABU |
| Transcribing agency | KABU |
| 050 #0 - LIBRARY OF CONGRESS CALL NUMBER | |
| Classification number | HF51008 |
| Item number | .I58 |
| 245 10 - TITLE STATEMENT | |
| Title | Introduction to business : |
| Remainder of title | a Kenyan perspective / |
| Statement of responsibility, etc. | edited by Francis N. Kibera. |
| 260 ## - PUBLICATION, DISTRIBUTION, ETC. (IMPRINT) | |
| Place of publication, distribution, etc. | Nairobi : |
| Name of publisher, distributor, etc. | Kenya Literature Bureau, |
| Date of publication, distribution, etc. | 1996. |
| 300 ## - PHYSICAL DESCRIPTION | |
| Extent | 435 p. |
| 650 #0 - SUBJECT ADDED ENTRY--TOPICAL TERM | |
| Topical term or geographic name as entry element | Business management |
| Geographic subdivision | Kenya. |
| -- | 0000161192 |
| 700 1# - ADDED ENTRY--PERSONAL NAME | |
| Personal name | Kibera, Francis N. |
| -- | 0000151465 |
| 908 ## - PUT COMMAND PARAMETER (RLIN) | |
| Put command parameter | 070419 |
| 950 ## - LOCAL HOLDINGS (RLIN) | |
| -- | 1 |
| Withdrawn status | Lost status | Source of classification or shelving scheme | Not for loan | Home library | Current library | Date acquired | Total Checkouts | Full call number | Barcode | Date last seen | Price effective from | Koha item type | Damaged status | Date last checked out | Total Renewals |
|---|---|---|---|---|---|---|---|---|---|---|---|---|---|---|---|
| Lost | Library of Congress Classification | Kabarak, Nakuru City Campus | Kabarak, Main Campus | 21/10/2015 | 12 | HF1008 .I58 c. 7 | 22295 | 29/01/2020 | 21/10/2015 | General Collection | 29/01/2020 | 2 | |||
| Library of Congress Classification | Kabarak, Nakuru City Campus | Kabarak, Nakuru City Campus | 21/10/2015 | HF1008 .I58 c. 3 | 003052 | 21/10/2015 | 21/10/2015 | General Collection | |||||||
| Lost | Library of Congress Classification | Kabarak, Nakuru City Campus | Kabarak, Nakuru City Campus | 21/10/2015 | 1 | HF1008 .I58 c. 6 | 18464 | 26/01/2016 | 21/10/2015 | General Collection | 26/01/2016 | ||||
| Library of Congress Classification | Kabarak, Nakuru City Campus | Kabarak, Nakuru City Campus | 21/10/2015 | 3 | HF1008 .I58 c. 5 | 003054 | 16/10/2019 | 21/10/2015 | General Collection | 07/10/2019 | |||||
| Library of Congress Classification | Kabarak, Nakuru City Campus | Kabarak, Nakuru City Campus | 21/10/2015 | 6 | HF1008 .I58 c. 2 | 010701 | 08/12/2022 | 21/10/2015 | General Collection | 29/11/2022 | |||||
| Library of Congress Classification | Kabarak, Nakuru City Campus | Kabarak, Nakuru City Campus | 21/10/2015 | 9 | HF1008 .I58 c. 4 | 003053 | 12/02/2021 | 21/10/2015 | General Collection | 16/03/2020 | |||||
| Library of Congress Classification | Kabarak, Nakuru City Campus | Kabarak, Nakuru City Campus | 21/10/2015 | 7 | HF1008 .I58 c. 1 | 005461 | 10/06/2019 | 21/10/2015 | General Collection | 31/05/2019 |